00301nam a2200097Ia 4500008004100000020001500041100002200056245006700078260004100145300001700186180205s9999 xx 000 0 und d a9718380248 aDe Leon, Alwin B. apracticing community development principles in our barangays / aQuezon CitybMegabooks companyc2005 av, 100 pages